000 00541nam a2200205 a 4500
005 20240924064540.0
008 991125s1984 mx 000 0 spa u
020 _a9686006184
035 _aUPN01000036260
049 _aI
050 4 _aLB1195 I84
_b1984
100 1 _aYturbe de Aguilar, Magdalena
_931011
245 1 0 _aManitas trabajadoras :
_bsección maternal
260 _aMéxico :
_bAvante,
_c1984
300 _a48 p.
650 4 _aEducación preescolar
_91517
904 _aAC
_b036261
905 _aInfantil
999 _c36260
_d36260